Identifikácia prvkov manažmentu znalostí v samospráve Slovenskej republiky

Zhodnotenie súčasného stavu a možnosti využívania prvkov manažmentu znalostí v neziskovom sektore Slovenskej republiky. Znalostná ekonomika a manažment znalostí. Zavádzanie manažmentu znalostí v kontexte riadenia podnikových procesov.

Na minha lista:
Detalhes bibliográficos
Autor principal: Čepelová, Anna
Formato: Capítulo de Livro
Idioma:eslovaco
Assuntos:
Tags: Adicionar Tag
Sem tags, seja o primeiro a adicionar uma tag!

MARC

LEADER 00000naa a2200000 4500
001 0123279
005 20231128130848.6
041 0 |a slo 
044 |a CZ 
245 1 0 |a Identifikácia prvkov manažmentu znalostí v samospráve Slovenskej republiky  |c Anna Čepelová 
520 |a Zhodnotenie súčasného stavu a možnosti využívania prvkov manažmentu znalostí v neziskovom sektore Slovenskej republiky. Znalostná ekonomika a manažment znalostí. Zavádzanie manažmentu znalostí v kontexte riadenia podnikových procesov. 
610 2 0 |a manažment znalostný 
610 2 0 |a samospráva 
610 2 0 |a Slovensko 
610 2 0 |a informatizácia 
610 2 0 |a procesy podnikové 
610 2 0 |a riadenie znalostí 
610 2 0 |a riadenie zmien 
610 2 0 |a organizácie vedomostné 
100 1 |a Čepelová, Anna